Almost -IA Countries - Statistics

General Stats
  • This quiz has been taken 54 times
  • The average score is 5 of 8
Answer Stats
-EA/YA % Correct
Eritrea
81%
South Korea
77%
Libya
74%
North Korea
74%
Guinea
70%
Kenya
70%
Papua New Guinea
53%
Equatorial Guinea
49%
No matching quizzes found
Score Distribution
Percent of People with Each Score
Percentile by Number Answered
Your Score History
You have not taken this quiz